Etocracia (Record no. 184286)
[ view plain ]
| 000 -LEADER | |
|---|---|
| campo de control de longitud fija | 00953nam a2200253 i 4500 |
| 001 - NÚMERO DE CONTROL | |
| campo de control | 184286 |
| 003 - IDENTIFICADOR DE NÚMERO DE CONTROL | |
| campo de control | ES-MaACL |
| 005 - FECHA Y HORA DE LA ÚLTIMA TRANSACCIÓN | |
| campo de control | 20250901063140.0 |
| 008 - DATOS DE LONGITUD FIJA--INFORMACIÓN GENERAL | |
| campo de control de longitud fija | 150610s2012 sp |||| | spa d |
| 020 ## - NÚMERO INTERNACIONAL ESTÁNDAR DEL LIBRO | |
| Número Internacional Estándar del Libro | 978-84-92422-57-9 |
| 080 ## - NÚMERO DE LA CLASIFICACIÓN DECIMAL UNIVERSAL | |
| Número de la Clasificación Decimal Universal | 172.2 |
| 100 1# - ENTRADA PRINCIPAL--NOMBRE DE PERSONA | |
| Nombre de persona | Holbach, Paul Henri Dietrich, |
| Títulos y otros términos asociados al nombre | baron d', |
| Fechas asociadas al nombre | 1723-1789 |
| 9 (RLIN) | 156990 |
| 245 10 - MENCIÓN DEL TÍTULO | |
| Título | Etocracia |
| Resto del título | : el gobierno fundado en la moral / |
| Mención de responsabilidad, etc. | Paul Henri Thiry, Barón de Holbach ; traducción y epílogo de Josep Lluís Teodoro. |
| 260 ## - PUBLICACIÓN, DISTRIBUCIÓN, ETC. | |
| Lugar de publicación, distribución, etc. | Madrid : |
| Nombre del editor, distribuidor, etc. | Laetoli, |
| Fecha de publicación, distribución, etc. | 2012. |
| 300 ## - DESCRIPCIÓN FÍSICA | |
| Extensión | 206 p. ; |
| Dimensiones | 23 cm. |
| 490 1# - MENCIÓN DE SERIE | |
| Mención de serie | Los ilustrados ; |
| Designación de volumen o secuencia | 7 |
| 650 #7 - PUNTO DE ACCESO ADICIONAL DE MATERIA--TÉRMINO DE MATERIA | |
| Término de materia o nombre geográfico como elemento de entrada | Ética política |
| Fuente del encabezamiento o término | embne |
| 9 (RLIN) | 136540 |
| 700 1# - ENTRADA AGREGADA--NOMBRE PERSONAL | |
| Nombre de persona | Teodoro Peris, Josep Lluís. |
| 9 (RLIN) | 156991 |
| 830 0# - PUNTO DE ACCESO ADICIONAL DE SERIE-TÍTULO UNIFORME | |
| Título uniforme | Los ilustrados ; |
| Designación de volumen o secuencia | 7 |
| 9 (RLIN) | 225056 |
| 852 ## - LOCALIZACIÓN | |
| Ubicación | ES-MaACL |
| Número de control de estantería | A-13529 |
| itemnumber | 191282 |
| Sublocalización o colección | R.150440 |
| Ubicación en estantería | Depósito 1 |
| Signatura antigua | Olim: N-6529 |
| Donativo/Legado | Donación: Andrés P. Riádicas |
| 903 ## - NOMBRE PERSONAL DE DONANTE | |
| 9 | 234585 |
| a | Andrés P. Riádicas |
| e | Donante |
| 942 ## - ELEMENTOS DE ENTRADA SECUNDARIOS (KOHA) | |
| Fuente del sistema de clasificación o colocación | Clasificación decimal universal |
| Tipo de ítem Koha | Libro impreso |
| Estatus retirado | Estado de pérdida | Fuente del sistema de clasificación o colocación | Estado de daño | No para préstamo | Biblioteca de origen | Biblioteca actual | Ubicación en estantería | Fecha de adquisición | Fuente de adquisición | Total de préstamos | Signatura topográfica completa | Código de barras | Visto por última vez | Precio de reemplazo | Tipo de ítem Koha |
|---|---|---|---|---|---|---|---|---|---|---|---|---|---|---|---|
| Clasificación decimal universal | Biblioteca del Ateneo de Madrid | Biblioteca del Ateneo de Madrid | Depósito 1 | 10/06/2015 | Donación | A-13529 | 1193866 | 23/02/2023 | 23/02/2023 | Libro impreso |
